000 00708nam a2200229Ia 4500
001 15634
003 GE_BSU
008 181216s||||||||xx |||||||||||||| ||und||
040 _cGE_BSU
080 _a821.353.1-1
100 _aძნელაძე, გივი
245 _aნუგეშინი : [ლექსები]
245 _bლექსები
245 _cრედ.თ.აბულაძე. მხ. თ.შარიფაშვილი
260 _aთბილისი
260 _bსაბჭ. საქართველო
260 _c1987
300 _a422გვ. ; 20სმ
653 _aლექსები
653 _aნუგეშინი
942 _cBK
999 _c48734
_d48734